000
00214 a2200097 4500
020
_a
9781589520769
041
_a
spa
100
_a
Lilly, Melinda
245
_a
Aletin y el dia que el cielo se vino abajo
942
_c
BK
999
_c
10241
_d
10241